Теория и методология формирования профессиональной индивидуальности педагога дошкольного образовательного учреждения Монография
В монографии представлены теоретические и методологические разработки проблемы формирования профессиональной индивидуальности педагога дошкольного образовательного учреждения. Особое внимание уделено описанию технологических приемов подготовки будущего педагога. Адресована бакалаврам магистрам аспир...
Պահպանված է:
| Հիմնական հեղինակ: | |
|---|---|
| Ձևաչափ: | Монография |
| Հրատարակություն: | 1 |
| Շարք: | Научная мысль |
| Առցանց հասանելիություն: | https://znanium.com/catalog/document?id=345747 https://znanium.com/cover/1043/1043359.jpg |
| Ցուցիչներ: |
Ավելացրեք ցուցիչ
Չկան պիտակներ, Եղեք առաջինը, ով նշում է այս գրառումը!
|
| LEADER | 02544nam0a2200325 i 4500 | ||
|---|---|---|---|
| 001 | RU\infra-m\znanium\bibl\1043359 | ||
| 003 | https://znanium.com/catalog/document?id=345747 | ||
| 005 | 20250213000000.0 | ||
| 010 | |a 978-5-16-015620-0 |b электр. издание | ||
| 100 | |a 20250213d2019 m y0rusy0150 ca | ||
| 101 | 0 | |a rus | |
| 102 | |a RU | ||
| 200 | 1 | |a Теория и методология формирования профессиональной индивидуальности педагога дошкольного образовательного учреждения |e Монография |f Кубанский государственный университет | |
| 205 | |a 1 | ||
| 210 | 1 | |a Москва |c ООО "Научно-издательский центр ИНФРА-М" |d 2020 | |
| 215 | |a 217 с. | ||
| 225 | 1 | |a Научная мысль | |
| 330 | |a В монографии представлены теоретические и методологические разработки проблемы формирования профессиональной индивидуальности педагога дошкольного образовательного учреждения. Особое внимание уделено описанию технологических приемов подготовки будущего педагога. Адресована бакалаврам магистрам аспирантам руководителям и педагогам образовательных учреждений научно-методическим работникам. | ||
| 333 | |a Дополнительное профессиональное образование | ||
| 606 | |a Педагогика. Образование |x Дошкольное образование |2 local | ||
| 608 | |a Монография |2 local | ||
| 675 | |a [371.134+373.2](075.4) |z rus | ||
| 686 | |a 74.102 |2 rubbk | ||
| 686 | |a 44.03.05 |2 okso | ||
| 686 | |a 44.04.01 |2 okso | ||
| 686 | |a 44.04.04 |2 okso | ||
| 700 | 1 | |a Рослякова |b Н.И. |g Надежда Ивановна |p Кубанский государственный университет | |
| 801 | 0 | |a RU |b Общество с ограниченной ответственностью «ЗНАНИУМ» |c 20190702 |2 rusmarc | |
| 856 | 4 | |a znanium.com |m ebs_support@infra-m.ru |n НИЦ ИНФРА-М |u https://znanium.com/catalog/document?id=345747 | |
| 856 | 4 | 1 | |a znanium.com |d /cover/1043 |f 1043359.jpg |q image/jpeg |u https://znanium.com/cover/1043/1043359.jpg |